000 00677nam a2200289Ia 4500
005 20260324150348.0
008 008 260324s9999 xx 000 0 eng d
020 _a9781351312684
037 _aEBOOK
040 _aCRL
040 _beng
040 _cCRL
041 _2eng
041 _aeng
084 _qCRL
100 _aRobert Hess
_91226157
245 0 _aEarly Formal Education
245 0 _bCurrent Theory, Research, and Practice
260 _bTaylor and Francis
260 _c1968
365 _a
365 _b255
856 _uhttp://www.taylorfrancis.com/books/9781351312684
942 _cEBOOK
999 _c1835483
_d1835483